Score 0/32 Timer 04:00
0 Plays Today
Characters % Correct
Harry Potter
99.2%
Ron Weasley
99%
Ginny Weasley
96.7%
Arthur Weasley
96.7%
Molly Weasley
96.2%
Fred Weasley
96.2%
George Weasley
96.2%
Hermione Granger
96.2%
Bill Weasley
95.2%
Percy Weasley
94.4%
Albus Dumbledore
93.9%
Charlie Weasley
93.7%
Severus Snape
92.2%
Remus Lupin
90.2%
James Potter
88.9%
Draco Malfoy
87.4%
Characters % Correct
Nymphadora Tonks
85.4%
Sirius Black
84.1%
Lord Voldemort
80.8%
Rufus Scrimgeour
75.3%
Fleur Delacour
75%
Lavender Brown
71.5%
Cornelius Fudge
68.2%
Horace Slughorn
67.7%
Kreacher
59.1%
Dolores Umbridge
58.3%
Fenrir Greyback
47%
Stan Shunpike
45.5%
Celestina Warbeck
43.7%
Cormac McLaggen
41.2%
Barty Crouch, Sr.
22.7%
Gawain Robards
12.9%
Remove Ads.
Support Sporcle.
Get the best of Sporcle when you Go Orange. This ad-free experience offers more features, more stats, and more fun while also helping to support Sporcle. Thank you for becoming a member.

You're not logged in!

Compare scores with friends on all Sporcle quizzes.
OR
Log In

Show Comments

Extras

Top Quizzes Today


Score Distribution

Your Account Isn't Verified!

In order to create a playlist on Sporcle, you need to verify the email address you used during registration. Go to your Sporcle Settings to finish the process.

Report this User

Report this user for behavior that violates our Community Guidelines.

Details: